| 000 | 00560nam a2200181Ia 4500 | ||
|---|---|---|---|
| 003 | LDD | ||
| 008 | 190117s9999 xx 000 0 und d | ||
| 020 |
_a8187524723 _c₹150 |
||
| 040 | _cLDD | ||
| 041 | _ahi | ||
| 082 | _a8H4.7 इ734स् | ||
| 100 | _aइस्सर, देवेन्द्र | ||
| 245 | 0 |
_aस्वप्न और स्मृति के बीच _cदेवेन्द्र इस्सर |
|
| 260 |
_aमुंबई _bसंवाद प्रकाशन _c2004 |
||
| 300 | _a126 | ||
| 901 | _aVANI | ||
| 942 |
_2ddc _cH |
||
| 999 |
_c155026 _d155026 |
||